00353nam a2200133Ia 4500008004100000041000800041082001600049100002100065245004500086250001400131260003300145300003000178365001100208240624s9999 xx 000 0 und d aeng a658.421 FLA aFLAMHOLTZ ERIC G aGROWING PAINS TRANSITIONING FROM AN ENTR a(4th ed.) c2016aNew DelhibJossey Bass axix : cm. : p. ; 26 ; 472 cRSb33